歐洲國家測驗 - Statistics

General Stats
  • This quiz has been taken 249 times
  • The average score is 33 of 45
Answers on the Map
Answers color-coded by a green-red scale on the quiz's map according to % correct below.
 
Answer Stats
Country % Correct
法國
97%
德國
96%
西班牙
96%
英國
96%
冰島
93%
愛爾蘭
93%
義大利
93%
挪威
93%
葡萄牙
93%
瑞典
93%
芬蘭
92%
荷蘭
92%
俄羅斯
92%
瑞士
92%
丹麥
91%
烏克蘭
91%
波蘭
90%
白俄羅斯
87%
比利時
85%
奧地利
84%
希臘
84%
捷克
83%
愛沙尼亞
78%
匈牙利
78%
立陶宛
76%
盧森堡
74%
羅馬尼亞
73%
斯洛伐克
73%
拉脫維亞
71%
保加利亞
67%
北馬其頓
61%
塞爾維亞
61%
克羅埃西亞
60%
安道爾
57%
阿爾巴尼亞
54%
斯洛維尼亞
54%
摩納哥
52%
馬爾他
48%
摩爾多瓦
48%
波士尼亞與赫塞哥維納
47%
列支敦斯登
45%
科索沃
43%
聖馬利諾
43%
梵諦岡
40%
蒙特內哥羅
38%
No matching quizzes found
Score Distribution
Percent of People with Each Score
Percentile by Number Answered
Your Score History
You have not taken this quiz